| Tag |
First Indicator |
Second Indicator |
Subfields |
| LEADER |
00000cam a2200000 a 4500 |
| 001 |
in00001404980 |
| 005 |
20151020064107.0 |
| 008 |
961211s1998 nyua b 001 0 eng |
| 010 |
|
|
|a 96029891
|
| 020 |
|
|
|a 0195096924 (cloth : alk. paper)
|
| 035 |
|
|
|a (OCoLC)36126857
|
| 035 |
|
|
|9 AHP4489AM
|
| 040 |
|
|
|a DLC
|c DLC
|d TXA
|d UtOrBLW
|
| 049 |
|
|
|a TXAM
|
| 050 |
0 |
0 |
|a QL751.65.M3
|b G25 1998
|
| 082 |
0 |
0 |
|a 591.5/015/193
|2 21
|
| 245 |
0 |
0 |
|a Game theory & animal behavior /
|c edited by Lee Alan Dugatkin and Hudson Kern Reeve.
|
| 246 |
3 |
|
|a Game theory and animal behavior
|
| 264 |
|
1 |
|a New York :
|b Oxford University Press,
|c 1998.
|
| 300 |
|
|
|a xiv, 320 pages :
|b illustrations ;
|c 24 cm.
|
| 336 |
|
|
|a text
|b txt
|2 rdacontent
|
| 337 |
|
|
|a unmediated
|b n
|2 rdamedia
|
| 338 |
|
|
|a volume
|b nc
|2 rdacarrier
|
| 504 |
|
|
|a Includes bibliographical references and index.
|
| 650 |
|
0 |
|a Animal behavior
|x Mathematical models.
|
| 650 |
|
0 |
|a Game theory.
|
| 700 |
1 |
|
|a Dugatkin, Lee Alan,
|d 1962-
|
| 700 |
1 |
|
|a Reeve, Hudson Kern.
|
| 948 |
|
|
|a c:jal
|
| 999 |
|
|
|a MARS
|
| 999 |
f |
f |
|s 711b087e-daf2-373b-b474-e8193e04a962
|i 690a927a-567d-38d5-ad55-1558d492c03d
|t 0
|
| 952 |
f |
f |
|p ric
|a Texas A&M University
|b Rellis Campus
|c Joint Library Facility
|d Remote Storage
|t 0
|e QL751.65.M3 G25 1998
|h Library of Congress classification
|i unmediated -- volume
|m A14822491266
|
| 998 |
f |
f |
|a QL751.65.M3 G25 1998
|t 0
|l Remote Storage
|